Statistics for People with P Initials

Click here to take the quiz!

General Stats

  • This quiz has been taken 30,485 times
    (9,984 since last reset)
  • The average score is 13 of 22

Answer Stats

CluePerson% Correct
PEColombian cartel leaderPablo Escobar
87%
PBStarred as James BondPierce Brosnan
85%
PTFormer Canadian P.M.,
father of Justin
Pierre Trudeau
85%
PFMember of a famous Hollywood
family whose other members
include Henry, Jane, and Bridget
Peter Fonda
82%
PPPainter of "Guernica"Pablo Picasso
81%
PJ"Lord of the Rings" directorPeter Jackson
76%
PSHe was a dirty dancerPatrick Swayze
74%
PCSpanish actress from
"Vanilla Sky" and "Volver"
Penelope Cruz
73%
PW"Fast and Furious" star who
died in a car crash
Paul Walker
70%
PA"Opposites Attract" singer /
"American Idol" judge
Paula Abdul
68%
PHNamesake of a zeppelin that
went down in flames
Paul von
Hindenburg
67%
PN"Cool Hand Luke" actor and
salad dressing tycoon
Paul Newman
63%
PGFrench painter who traveled
to Tahiti
Paul Gauguin
56%
PO"Lawrence of Arabia" starPeter O'Toole
53%
PMHere's another clue for you all,
the walrus was this guy
Paul McCartney
47%
PRFlemish painter of fleshy
women
Peter Paul
Rubens
40%
PVRevolutionary Mexican general
who raided the U.S.
Pancho Villa
38%
PUEnglish actor who portrayed
Hercule Poirot
Peter Ustinov
35%
PDSci-fi author of "Do Androids
Dream of Electric Sheep?"
Philip K. Dick
31%
PLLesser-known Rat Pack memberPeter Lawford
20%
PIThe Tiger Woods of pokerPhil Ivey
16%
PK"Benevolent dictator" of RwandaPaul Kagame
14%

Score Distribution

Percentile by Number Answered

Percent of People with Each Score

Your Score History

You have not taken this quiz since the last reset